| 000 | 00595nam a2200193 i 4500 | ||
|---|---|---|---|
| 001 | 97237 | ||
| 003 | ES-MaACL | ||
| 005 | 20231228062653.0 | ||
| 007 | t| | ||
| 008 | 050708s1951 sp ||||1| spa d | ||
| 100 | 1 |
_aMarañón, Gregorio, _d1887-1960 _976311 |
|
| 245 | 1 | 0 |
_aEnsayos sobre la vida sexual / _cGregorio Marañón; con un ensayo de Ramón Pérez de Ayala. |
| 250 | _aed. corr. | ||
| 260 |
_aMadrid : _bEspasa-Calpe, _c1951. |
||
| 300 |
_a239 p. ; _c20 cm. |
||
| 700 | 1 |
_aPérez de Ayala, Ramón, _d1880-1962 _990763 |
|
| 852 |
_aES-MaACL _jD-5893 _bR.31776 |
||
| 999 |
_c97237 _d97237 |
||